| 000 | 005830000a22001930004500 | ||
|---|---|---|---|
| 020 | _a84-254-0629-3 | ||
| 041 | 0 | _aSPA | |
| 082 | 0 | 4 | _aG 261.834 M889m |
| 100 | 1 | _aAubert, Jean Marie (1916-) | |
| 245 | 1 | 0 | _aLa mujer : Anfeminismo y cristianismo / Jean Marie Aubert; María Colon, Traductor |
| 260 | _aBarcelona, España : Herder | ||
| 300 | _a220 Pag | ||
| 500 | _aTítulo original : Le femme. Antiféminisme et christianisme | ||
| 001 | 6959 | ||
| 942 | _cBK | ||
| 999 |
_c37200 _d37200 |
||
| 336 |
_atexto _btxt _2rdacontent |
||
| 337 |
_2rdamedia _asin mediación _bn |
||
| 338 |
_2rdacarrier _avolumen _bnc |
||